[Event "FAI-chT2 1617"]
[Site "Faroe Islands"]
[Date "2017.03.18"]
[Round "10.3"]
[White "Joensen, Ingi Wiberg"]
[Black "Olsen, Kaj"]
[Result "1-0"]
[WhiteElo "1712"]
[BlackElo "1524"]
[PlyCount "51"]
[EventDate "2016.10.23"]
[EventType "team-tourn"]
[EventRounds "10"]
[EventCountry "FAI"]
[SourceTitle "EXT 2020"]
[Source "ChessBase"]
[SourceDate "2019.10.17"]
[SourceVersion "1"]
[SourceVersionDate "2019.10.17"]
[SourceQuality "1"]
[WhiteTeam "Sandavagur II"]
[BlackTeam "Havnin III"]
[WhiteTeamCountry "FAI"]
[BlackTeamCountry "FAI"]

1. e4 e5 2. Nf3 Nf6 3. Nc3 Nc6 4. Bb5 Bc5 5. d3 d6 6. Bg5 h6 7. Be3 Bb6 8. Qd2 Bxe3 9. fxe3 Bd7 10. 0-0 Ne7 11. Bc4 Be6 12. Bb3 Qd7 13. d4 exd4 14. exd4 d5 15. Ne5 Qd8 16. Rae1 c6 17. exd5 Nexd5 18. Nxd5 cxd5 19. Ba4+ Kf8 20. Ng6+ Kg8 21. Nxh8 Kxh8 22. c3 Qd6 23. Rxf6 gxf6 24. Qxh6+ Kg8 25. Bc2 Rd8 26. Re3 1-0

[Event "FAI-chT2 1617"]
[Site "Faroe Islands"]
[Date "2017.02.12"]
[Round "7.4"]
[White "Joensen, Ingi Wiberg"]
[Black "Mikkelsen, Petur Pall"]
[Result "1-0"]
[WhiteElo "1712"]
[BlackElo "1622"]
[PlyCount "87"]
[EventDate "2016.10.23"]
[EventType "team-tourn"]
[EventRounds "10"]
[EventCountry "FAI"]
[SourceTitle "EXT 2020"]
[Source "ChessBase"]
[SourceDate "2019.10.17"]
[SourceVersion "1"]
[SourceVersionDate "2019.10.17"]
[SourceQuality "1"]
[WhiteTeam "Sandavagur II"]
[BlackTeam "Gota"]
[WhiteTeamCountry "FAI"]
[BlackTeamCountry "FAI"]

1. e4 c5 2. Nf3 d6 3. d4 cxd4 4. Nxd4 Nf6 5. Nc3 a6 6. Bg5 e6 7. f4 Be7 8. Qf3 Qc7 9. 0-0-0 0-0 10. g4 b5 11. Bxf6 Bxf6 12. g5 Bxd4 13. Rxd4 Nc6 14. Rd2 Bb7 15. h4 Ne7 16. h5 f5 17. gxf6 Rxf6 18. Rg1 Kh8 19. Qg3 Rg8 20. e5 dxe5 21. fxe5 Rf3 22. Qe1 Nf5 23. Bd3 Re3 24. Re2 Rxd3 25. cxd3 b4 26. Rh2 Rc8 27. Rg4 bxc3 28. Rc4 cxb2+ 29. Rxb2 Qd7 30. Qb4 Bc6 31. Qc3 Ne7 32. Qa3 Rf8 33. Rbc2 Bb5 34. Rc7 Rf1+ 35. Kb2 Qd4+ 36. Qc3 Qxc3+ 37. R2xc3 Rf2+ 38. Kb3 Ng8 39. Rc8 Rf3 40. Rd8 h6 41. a4 Bxd3 42. Rcxd3 Rf5 43. Ra8 Kh7 44. Rdd8 1-0

[Event "FAI-chT2 1415"]
[Site "Faroe Islands"]
[Date "2015.03.01"]
[Round "9.4"]
[White "Justinussen, Jeffri"]
[Black "Joensen, Ingi Wiberg"]
[Result "0-1"]
[WhiteElo "1535"]
[BlackElo "1704"]
[PlyCount "60"]
[EventDate "2014.10.26"]
[EventType "team-tourn"]
[EventRounds "10"]
[EventCountry "FAI"]
[SourceTitle "EXT 2019"]
[Source "ChessBase"]
[SourceDate "2018.10.10"]
[SourceVersion "1"]
[SourceVersionDate "2018.10.10"]
[SourceQuality "1"]
[WhiteTeam "Havnin II"]
[BlackTeam "Sandavagur II"]
[WhiteTeamCountry "FAI"]
[BlackTeamCountry "FAI"]

1. e4 Nf6 2. e5 Nd5 3. d4 d6 4. exd6 cxd6 5. c3 g6 6. Nf3 Bg7 7. Nbd2 0-0 8. Ne4 Nc6 9. Bc4 Nb6 10. Bd3 e5 11. dxe5 dxe5 12. Bc2 Bg4 13. h3 Qxd1+ 14. Bxd1 Bxf3 15. Bxf3 f5 16. Nc5 e4 17. Be2 Rf7 18. Bf4 Rc8 19. 0-0-0 Ne5 20. Ne6 Bf6 21. g4 fxg4 22. Bxe5 Bxe5 23. Bxg4 Re8 24. Nd4 Bxd4 25. Rxd4 h5 26. Bd1 Rd7 27. Bb3+ Kg7 28. Rhd1 Rde7 29. Rd6 Rf8 30. Rd7 Nxd7 0-1

[Event "Klaksvik ST op"]
[Site "Klaksvik"]
[Date "2014.11.28"]
[Round "1"]
[White "Joensen, Ingi Wiberg"]
[Black "Jacobsen, Mikkjal Andriasarso"]
[Result "1-0"]
[WhiteElo "1696"]
[BlackElo "1000"]
[PlyCount "65"]
[EventDate "2014.11.28"]
[EventType "swiss"]
[EventRounds "5"]
[EventCountry "FAI"]
[SourceTitle "CBM 163 Extra"]
[Source "ChessBase"]
[SourceDate "2014.12.23"]
[SourceVersion "1"]
[SourceVersionDate "2014.12.23"]
[SourceQuality "1"]

1. e4 e5 2. Nf3 Nc6 3. Bc4 Qf6 4. Nc3 Bc5 5. Nd5 Qd6 6. d3 h6 7. Nh4 Nf6 8. Nf5 Qf8 9. Nxc7+ Kd8 10. Nxa8 d6 11. Ne3 Bxe3 12. Bxe3 Ng4 13. h3 Nxe3 14. fxe3 Qe7 15. Qf3 Be6 16. Bxe6 Qxe6 17. 0-0 Rf8 18. Qg3 g6 19. Qf3 Nb4 20. a3 Nxc2 21. Rac1 Nxe3 22. Qxe3 f5 23. Nc7 Qd7 24. Qxh6 Qe7 25. Qxf8+ Qxf8 26. Ne6+ Ke8 27. Nxf8 Kxf8 28. Rc7 Ke8 29. exf5 Kd8 30. Rxb7 gxf5 31. Rxf5 Ke8 32. Rh5 Kf8 33. Rh8# 1-0